DNAPL site evaluation /

Bibliographic Details
Main Author: Cohen, Robert M. (Robert Mark)
Corporate Author: Robert S. Kerr Environmental Research Laboratory
Other Authors: Mercer, James W.
Format: Book
Language:English
Published: Boca Raton, Fla. : S.K. Smoley, [1993]
Subjects:

MARC

Tag First Indicator Second Indicator Subfields
LEADER 00000cam a2200000 a 4500
001 in00001133765
005 20150930085506.0
008 930311s1993 flua 000 0 eng
010 |a  93018972  
020 |a 0873719778 
035 |a (OCoLC)27936427 
035 |9 AFX9088AM 
040 |a DLC  |c DLC  |d TXA  |d UtOrBLW 
049 |a TXAM 
050 0 0 |a TD1066.D45  |b C64 1993 
082 0 0 |a 628.5/2  |2 20 
100 1 |a Cohen, Robert M.  |q (Robert Mark) 
245 1 0 |a DNAPL site evaluation /  |c Robert M. Cohen, James W. Mercer ; John Matthews, EPA project officer. 
264 1 |a Boca Raton, Fla. :  |b S.K. Smoley,  |c [1993] 
264 4 |c ©1993 
300 |a 1 volume (various pagings) :  |b illustrations ;  |c 29 cm. 
336 |a text  |b txt  |2 rdacontent 
337 |a unmediated  |b n  |2 rdamedia 
338 |a volume  |b nc  |2 rdacarrier 
500 |a Prepared under subcontract to Dynamic Corporation, EPA contract number 68-C8-0058. 
504 |a Includes bibliographical references. 
650 0 |a Dense nonaqueous phase liquids  |x Environmental aspects. 
650 0 |a Hazardous waste sites. 
700 1 |a Mercer, James W. 
710 2 |a Robert S. Kerr Environmental Research Laboratory. 
999 |a MARS 
999 f f |s f43954a9-5188-3186-9b55-ea30694722b5  |i 5041e8fb-8dda-368b-b97c-833fc5b7be0f  |t 0 
952 f f |p ric  |a Texas A&M University  |b Rellis Campus  |c Joint Library Facility  |d Remote Storage  |t 0  |e TD1066.D45 C64 1993  |h Library of Congress classification  |i unmediated -- volume  |m A14817424288 
998 f f |a TD1066.D45 C64 1993  |t 0  |l Remote Storage